000 00413 a2200145 4500
020 _a9789501514070
020 _a9501514072
041 _aspa
100 _aAdler, Elizabeth
245 _aEl fantasma del pasado / Elizabeth Adler ; [traduccion, Silvia Sassone].
260 _aBuenos Aires : J. Vergara Editor, c1994
300 _a438 pages ;
_c23 cm
500 _aTranslation of: Legacy of secrets.
942 _cBK
999 _c8327
_d8327